00925cam a2200253 a 4500001000500000005001700005020003300022040002300055050001500078082000800093100001900101245007500120260003300195300004700228490005200275505000800327520015200335521002900487521002000516650004100536650004100577650002200618700003100640390720240523091252.0 a9781402773198 (pbtrade pbk.) aDLCcDLCdDLCbeng00aPZ7.F2227500a4431 aFarber, Erica.12aA smelly story /cillustrated by Huck Scarry ; written by Erica Farber aNew York :bSterling ;c2011 a24 pages : bcolor illustrations ;c24 cm.0 aRichard Scarry's great big schoolhousevLevel 2 aJ  aWhen Huckle loses his watch in the garbage, he and his friends follow along as a truck puts the garbage on a boat, which then carries it to a dump. a480 bLexile estimate  aJ bRaz-Plus  1aLost and found possessionsvFiction. 1aRefuse and refuse disposalvFiction. 1aAnimalsvFiction.1 aScarry, Huckeillustrator